| 000 | 00658nam a2200241Ia 4500 | ||
|---|---|---|---|
| 008 | 200601s9999 xx 000 0 und d | ||
| 020 | _a978-0-12-816916-1 | ||
| 050 | _aComSc QA 76 | ||
| 050 | _b.I56 2019 | ||
| 100 | _aInmon, W. H. | ||
| 245 | 0 | _aData architecture : | |
| 245 | 2 | _ba primer for the data scientist / | |
| 245 | 0 | _cW. H. Inmon, Daniel Linstedt, Mary Levins. | |
| 250 | _a2nd Edition | ||
| 260 | _aLondon : | ||
| 260 | _bAcademic Press, | ||
| 260 | _c2019 | ||
| 300 | _a416 pages : | ||
| 300 | _billustrations (some color) ; | ||
| 300 | _c24 cm. | ||
| 650 | _aElectronic data processing. | ||
| 650 | _xInformation technology. | ||
| 999 |
_c363148 _d363148 |
||